000 00337pab a2200121 454500
008 180718b xxu||||| |||| 00| 0 eng d
100 _aMarquez, nachie
245 _aNew approach Swells Nolunteer ranks for tample, Arizona police department
650 _a Police
650 _aPolcie Departments
773 _aPolice Journal
909 _a23168
999 _c23168
_d23168